| 000 | 00553nam a22001577a 4500 | ||
|---|---|---|---|
| 003 | OSt | ||
| 005 | 20150914112158.0 | ||
| 008 | 150914b xxu||||| |||| 00| 0 eng d | ||
| 040 | _cRUA | ||
| 082 | _aAGR LY 1999 B021 Or.1 | ||
| 100 |
_9451 _aLY, SIKHEANG. |
||
| 245 | _aRubber explotation at krek rubber plantation company ការធ្វើអាជីវកម្មកៅស៊ូនៅក្រុមហ៊ុនចំការកៅស៊ូក្រែក | ||
| 260 |
_aPhnom Penh _bRUA _c1999 |
||
| 300 |
_a62p. _bill. _c29cm. |
||
| 942 |
_2ddc _cAGR |
||
| 999 |
_c430 _d430 |
||